[Event "Hoogovens"]
[Site "Wijk aan Zee"]
[Date "1997.01.27"]
[Round "8"]
[White "Lautier, Joel"]
[Black "Nikolic, Predrag"]
[Result "1-0"]
[WhiteElo "2630"]
[BlackElo "2655"]

1.d4 Nf6 2.c4 e6 3.Nc3 Bb4 4.e3 b6 5.Ne2 Ba6 6.Ng3 Bxc3+ 7.bxc3 d5 8.Ba3 Bxc4
9.Bxc4 dxc4 10.O-O Qd7 11.Rb1 h5 12.h4 Qc6 13.e4 Nbd7 14.d5 Qb7 15.dxe6 fxe6
16.Qa4 O-O-O 17.Qxc4 Kb8 18.Rfd1 Ne5 19.Qb5 Nc6 20.f3 a6 21.Qg5 Rdg8 22.Nf1 Nd8
23.Ne3 Qc6 24.c4 Nf7 25.Qg6 Qe8 26.Qg3 Kc8 27.c5 b5 28.c6 Rh6 29.Rbc1 Nd8
30.Rc5 e5 31.Nf5  1-0

[Event "NLD-ch"]
[Site "Rotterdam"]
[Date "1997.06.21"]
[Round "1"]
[White "Van den Doel, Erik"]
[Black "Nikolic, Predrag"]
[Result "0-1"]
[WhiteElo "2430"]
[BlackElo "2655"]

1.e4 e5 2.Nf3 Nc6 3.Bb5 a6 4.Ba4 Nf6 5.O-O Be7 6.Re1 b5 7.Bb3 O-O 8.h3 Bb7
9.d3 d6 10.c3 Na5 11.Bc2 c5 12.Nbd2 Nc6 13.Nf1 Re8 14.Ng3 h6 15.d4 cxd4 16.cxd4 exd4
17.Nxd4 Nxd4 18.Qxd4 d5 19.e5 Ne4 20.Nxe4 dxe4 21.Be3 Qd5 22.Qxd5 Bxd5 23.Rad1 Bxa2
24.Bxe4 Rac8 25.Bb7 Rc2 26.Bxa6 Rxb2 27.Bd4 Rb4 28.Bc3 Rb3 29.Ba1 Rd8 30.Rxd8+ Bxd8
31.Rd1 Bb6 32.e6 fxe6 33.Be5 Ra3 34.Bb7 Bc4 35.Rd7 g5 36.Rg7+ Kf8 37.Rg6 Ra2
38.Rxh6 Rxf2 39.Kh2 Rf5 40.Rh8+ Kf7 41.Rh7+ Kf8 42.Rh8+ Ke7 43.Rh7+ Rf7 44.Rh5 Be3
45.h4 Be2 46.Rh8 Bf4+ 47.Bxf4 gxf4 48.Be4 Rf8 49.Rh7+ Kd6 50.h5 Ke5 51.Bb1 Kf6
52.h6 Bh5 53.Rb7 Rh8 54.h7 Bg6 55.Bxg6 Kxg6 56.Rxb5 Rxh7+ 57.Kg1 Kf6 58.Kf2 Rg7
59.Rb8 Rg3 60.Rf8+ Ke5 61.Ra8 Rc3 62.Ra4 Kf5 63.Ra8 e5 64.Ra5 Rc2+ 65.Kf3 Rb2
66.Rc5 Rb3+ 67.Kf2 Ke4 68.Ra5 Rb2+ 69.Kf1 Rc2 70.Ra3 Rd2 71.Ra5 Kd4 72.Ra3 e4
73.Rb3 Ra2 74.Rb4+ Kd3 75.Rb3+ Kd2 76.Rb1 e3 77.Re1 Kd3 78.Rd1+ Ke4 79.Rd8 Rf2+
80.Kg1 Rd2 81.Re8+ Kd3 82.Rd8+ Ke2 83.Rf8 Rd1+ 84.Kh2 Rf1 85.Kh3 f3  0-1

[Event "NLD-ch"]
[Site "Rotterdam"]
[Date "1997.06.25"]
[Round "4"]
[White "Nijboer, Friso"]
[Black "Nikolic, Predrag"]
[Result "0-1"]
[WhiteElo "2555"]
[BlackElo "2655"]

1.e4 e6 2.d4 d5 3.Nc3 Bb4 4.e5 c5 5.a3 Bxc3+ 6.bxc3 Qa5 7.Bd2 Qa4 8.Qb1 c4
9.h4 Nc6 10.h5 h6 11.Ne2 Nge7 12.Qc1 Bd7 13.g3 O-O-O 14.Bh3 Kb8 15.Be3 Ka8
16.Qd2 Rc8 17.g4 Nb8 18.Ng3 Rc6 19.O-O Rb6 20.f4 g6 21.Kh2 a6 22.Rf2 Nbc6
23.f5 exf5 24.gxf5 Bxf5 25.Bxf5 Nxf5 26.Nxf5 gxf5 27.Rxf5 Nd8 28.Bf2 Qd7
29.Qf4 Ne6 30.Qg4 Qa4 31.Qd1 Ng5 32.Be3 Ne4 33.Rxf7 Rb2 34.Rc1 Nxc3 35.Qf3 Ka7
36.e6 Re8 37.Rf8 Rxe6 38.Qg3 Re8 39.Bxh6 Rxc2+ 40.Rxc2 Qxc2+  0-1

[Event "NLD-ch"]
[Site "Rotterdam"]
[Date "1997.06.30"]
[Round "8"]
[White "Piket, Jeroen"]
[Black "Nikolic, Predrag"]
[Result "1/2-1/2"]
[WhiteElo "2640"]
[BlackElo "2655"]

1.d4 Nf6 2.c4 e6 3.Nf3 Bb4+ 4.Bd2 c5 5.Bxb4 cxb4 6.g3 b6 7.Bg2 Bb7 8.O-O O-O
9.Qd3 d6 10.Nbd2 Qc7 11.Rac1 Re8 12.e4 e5 13.Rfe1 a5 14.h3 Na6 15.Nh4 g6
16.Rcd1 Rac8 17.b3 Qe7 18.Nf1 Nc7 19.Ne3 Ne6 20.dxe5 dxe5 21.Nd5 Bxd5 22.exd5 Nc5
23.Qd2 Qd6 24.Re3 Re7 25.Rde1 b5 26.Nf3 e4 27.Bf1 bxc4 28.bxc4 Nfd7 29.Nd4 Ne5
30.a3 Ncd3 31.Bxd3 Nxd3 32.Nc6 Nxe1 33.Nxe7+ Qxe7 34.Rxe1 Rxc4 35.d6 Qf6
36.Rd1 Rc8 37.axb4 axb4 38.d7 Rd8 39.Qxb4 e3 40.fxe3 Qf3 41.Qe1 h5 42.h4 Qg4
43.Rd4 Qh3  1/2-1/2

[Event "NLD-ch"]
[Site "Rotterdam"]
[Date "1997.07.01"]
[Round "9"]
[White "Nikolic, Predrag"]
[Black "Sokolov, Ivan"]
[Result "1/2-1/2"]
[WhiteElo "2655"]
[BlackElo "2615"]

1.d4 Nf6 2.c4 g6 3.Nf3 Bg7 4.g3 O-O 5.Bg2 c6 6.O-O d5 7.Nbd2 a5 8.b3 a4 9.Bb2 Qa5
10.Qc1 Bf5 11.Bc3 Qa6 12.Ne5 Nbd7 13.Nxd7 Nxd7 14.e4 dxe4 15.Nxe4 e5 16.dxe5 Bxe4
17.Bxe4 Nxe5 18.Qc2 Qb6 19.Rfe1 Rfe8 20.b4 Qa6 21.c5 Qc4 22.Rac1 Rad8 23.Bxe5 Qxc2
24.Bxc2 Rxe5 25.Bxa4 Rd4 26.Rxe5 Bxe5 27.Re1 Rxb4 28.Bxc6 Bd4 29.Bf3 Rb2
30.Re2 Rxe2 31.Bxe2 Bxc5  1/2-1/2

[Event "NLD-ch"]
[Site "Rotterdam"]
[Date "1997.07.02"]
[Round "10"]
[White "Sosonko, Gennadi"]
[Black "Nikolic, Predrag"]
[Result "1/2-1/2"]
[WhiteElo "2515"]
[BlackElo "2655"]

1.d4 Nf6 2.c4 e6 3.Nf3 b6 4.g3 Bb7 5.Bg2 Be7 6.O-O O-O 7.Nc3 Ne4 8.Nxe4 Bxe4
9.Nh4 Bxg2 10.Nxg2 d5 11.Qa4 dxc4 12.Qxc4 c5 13.dxc5 Bxc5 14.Be3 Nd7 15.Rfd1 Qe7
16.Rac1 Rfd8 17.Bxc5 Nxc5 18.Nf4 Rxd1+ 19.Rxd1 Rd8 20.Rxd8+  1/2-1/2

[Event "Lost Boys op"]
[Site "Antwerp"]
[Date "1997.08.02"]
[Round "1"]
[White "Vanderwaeren, Serge"]
[Black "Nikolic, Predrag"]
[Result "0-1"]
[WhiteElo "2290"]
[BlackElo "2630"]

1.Nc3 d5 2.d4 Nf6 3.Bg5 Bf5 4.Bxf6 gxf6 5.g3 c6 6.Bg2 Nd7 7.e4 dxe4 8.Nxe4 Qb6
9.Ne2 Bh6 10.O-O O-O 11.N2c3 Bg6 12.h4 Rfd8 13.h5 Bxe4 14.Bxe4 Qxb2 15.Qf3 Qa3
16.Rab1 Rab8 17.Rb3 Qd6 18.Rfb1 e6 19.Rxb7 Rxb7 20.Rxb7 Qxd4 21.Ne2 Qd1+
22.Kg2 f5 23.Nf4 Qd4 24.Bd3 Ne5 25.Qe3 Bxf4 26.gxf4 Qd5+ 27.Kg1 Nf3+ 28.Kf1 Nd4
29.Kg1 Kh8 30.Qe5+ Qxe5 31.fxe5 Nf3+ 32.Kf1 Kg7 33.Be2 Nxe5 34.f4 Rd7 35.Rb3 Ng4
36.Rg3 Rd4 37.Bxg4 fxg4 38.Rxg4+ Kh6 39.Ke2 f5 40.Rh4 e5 41.Ke3 c5  0-1

[Event "Lost Boys op"]
[Site "Antwerp"]
[Date "1997.08.03"]
[Round "2"]
[White "Nikolic, Predrag"]
[Black "Van de Mortel, Jan"]
[Result "1-0"]
[WhiteElo "2630"]
[BlackElo "2320"]

1.d4 Nf6 2.c4 g6 3.Nf3 Bg7 4.g3 O-O 5.Bg2 d6 6.O-O c6 7.h3 Qa5 8.Bd2 Qa6
9.Qc1 b5 10.c5 Bf5 11.cxd6 exd6 12.Re1 Nbd7 13.g4 Be4 14.Nc3 d5 15.Bh6 Qb6
16.Bxg7 Kxg7 17.Qf4 Rae8 18.Rac1 h6 19.e3 c5 20.Ne5 g5 21.Qg3 cxd4 22.exd4 Bxg2
23.Kxg2 Qxd4 24.Rcd1 Qb4 25.Nxd7 Nxd7 26.Rxe8 Rxe8 27.Rxd5 Nf8 28.Rxb5 Qc4
29.b3 Qe6 30.Nd5 Ng6 31.Qc3+ Kf8 32.Kg1 Qe2 33.a4 Qd1+ 34.Kh2 Qe2 35.Qf6 Kg8
36.Rb7 Ne5 37.Ne7+ Kh7 38.Ng6 Qf3 39.Rxf7+  1-0

[Event "Lost Boys op"]
[Site "Antwerp"]
[Date "1997.08.04"]
[Round "3"]
[White "Van den Doel, Erik"]
[Black "Nikolic, Predrag"]
[Result "1/2-1/2"]
[WhiteElo "2440"]
[BlackElo "2630"]

1.e4 e5 2.Nf3 Nc6 3.Bb5 a6 4.Ba4 Nf6 5.O-O Be7 6.Re1 b5 7.Bb3 O-O 8.a4 Bb7
9.d3 Re8 10.axb5 axb5 11.Rxa8 Qxa8 12.Nc3 b4 13.Nd5 Nxd5 14.Bxd5 d6 15.Bd2 Na5
16.Bxb7 Qxb7 17.Qa1 Ra8 18.Qa4 Nc6 19.Qb3 Qa6 20.Qd5 Rb8 21.g3 h6 22.Kg2 Bf6
23.h4 Nd8 24.Be3 b3 25.c3 Qa2 26.Bc1 Ne6 27.d4 exd4 28.cxd4 Qa4 29.e5 dxe5
30.dxe5 Be7 31.Bd2 Rd8 32.Qe4 Qb5 33.Qg4 Kh8 34.Bc3 Rd3 35.Qe4 Kg8 36.Nd2 Nc5
37.Qc4 Qxc4 38.Nxc4 Na4 39.Ba5 Rd4 40.Rc1 c6 41.Nd2 Rd5 42.Nxb3 Rxe5 43.Ra1 Re4
44.Nd2 Rd4 45.Nf3 Re4  1/2-1/2

[Event "Lost Boys op"]
[Site "Antwerp"]
[Date "1997.08.06"]
[Round "5"]
[White "Van Mil, Johannes A J"]
[Black "Nikolic, Predrag"]
[Result "0-1"]
[WhiteElo "2420"]
[BlackElo "2630"]

1.e4 e6 2.d3 d5 3.Nd2 c5 4.g3 Bd6 5.Bg2 Ne7 6.f4 Nbc6 7.Ngf3 b6 8.O-O Bb7
9.c3 Bc7 10.Re1 h6 11.e5 Nf5 12.Nf1 d4 13.c4 h5 14.Ng5 Qd7 15.a3 Bd8 16.Ne4 Be7
17.Bf3 h4 18.g4 Nh6 19.h3 f6 20.exf6 gxf6 21.f5 e5 22.Bxh6 Rxh6 23.Ned2 O-O-O
24.Bd5 Kb8 25.Qf3 Qc7 26.Rab1 Rhh8 27.Ne4 a5 28.b3 Ka7 29.Rb2 Rxd5 30.cxd5 Nb8
31.b4 cxb4 32.axb4 Bxb4 33.Rxb4 axb4 34.Nxf6 b3 35.Rb1 Nd7 36.Nxd7 Qxd7 37.Rxb3 Bxd5
38.Ra3+ Kb8 39.Qe2 Qd6 40.Ra1 Rc8 41.Re1 Bb7 42.g5 Rc5 43.g6 Qd5 44.Qe4 Qa2
45.Qg4 Rc2 46.Re4 Rf2 47.g7 Bd5 48.Qg5 Ka7 49.f6 Bxe4 50.g8=Q Qe2 51.Q5g7+ Bb7
52.Qxb7+ Kxb7 53.Qd5+ Ka6 54.Qa8+ Kb5 55.Qd5+ Kb4 56.Qc4+ Ka5 57.Qd5+ b5
58.Qd8+ Ka4 59.Qa8+ Kb4 60.Qf8+ Kb3  0-1

[Event "Lost Boys op"]
[Site "Antwerp"]
[Date "1997.08.07"]
[Round "6"]
[White "Nikolic, Predrag"]
[Black "Lobron, Eric"]
[Result "1-0"]
[WhiteElo "2630"]
[BlackElo "2540"]

1.d4 Nf6 2.c4 e6 3.Nf3 c5 4.d5 b5 5.dxe6 fxe6 6.cxb5 d5 7.a4 Bd6 8.g3 O-O
9.Bg2 Nbd7 10.O-O Bb7 11.Nbd2 Qc7 12.e4 Rae8 13.Re1 c4 14.exd5 exd5 15.Rxe8 Rxe8
16.Nf1 Nc5 17.Be3 Nd3 18.b3 Ne4 19.Nd4 Bc5 20.Nc6 Bxc6 21.bxc6 d4 22.bxc4 dxe3
23.Qxd3 exf2+ 24.Kh1 Qxc6 25.Rb1 Qe6 26.Rb5 Bf8 27.Rb2 Nc5 28.Qd5 Kh8 29.Rxf2 Qxd5
30.Bxd5 a5 31.Bc6 Rd8 32.Rf7 Nd3 33.Rb7 Bc5 34.Bd5 g6 35.Nd2 Rf8 36.Nf3 Nf2+
37.Kg2 Ng4 38.Ng5 Nf6 39.Ne6 Rc8 40.Rf7 Nxd5  1-0

[Event "Lost Boys op"]
[Site "Antwerp"]
[Date "1997.08.08"]
[Round "7"]
[White "Gurevich, Mikhail"]
[Black "Nikolic, Predrag"]
[Result "1/2-1/2"]
[WhiteElo "2620"]
[BlackElo "2630"]

1.c4 e5 2.Nc3 Nc6 3.g3 g6 4.Bg2 Bg7 5.Rb1 a5 6.d3 d6 7.e3 f5 8.Nge2 Nf6 9.b3 O-O
10.Bb2 Be6 11.Nd5 Bf7 12.Nec3 Nxd5 13.Nxd5 Nb8 14.Nc3 c6 15.O-O Nd7 16.Qd2 Nf6
17.Rbe1 Re8 18.e4 f4 19.Bh3 Nh5 20.Qd1 Qf6 21.Kh1 Bh6 22.Ne2 Be6 23.Bxe6+ Qxe6
24.Ng1 c5  1/2-1/2

[Event "Lost Boys op"]
[Site "Antwerp"]
[Date "1997.08.09"]
[Round "8"]
[White "Nikolic, Predrag"]
[Black "Barua, Dibyendu"]
[Result "1-0"]
[WhiteElo "2630"]
[BlackElo "2515"]

1.d4 f5 2.g3 Nf6 3.Bg2 g6 4.Nf3 Bg7 5.O-O O-O 6.b3 d6 7.Bb2 c6 8.c4 a5 9.d5 cxd5
10.cxd5 Na6 11.Nd4 Nc5 12.Nd2 a4 13.Rb1 axb3 14.axb3 Bd7 15.b4 Nce4 16.Nxe4 fxe4
17.Qb3 Qb6 18.Ra1 Rxa1 19.Bxa1 Rc8 20.h4 Qc7 21.Qb1 Qc4 22.Bxe4 Nxd5 23.e3 Nxb4
24.h5 e5 25.Nf3 Bf5 26.Bxf5 gxf5 27.Nd2 Qg4 28.Qb3+ Kh8 29.Qe6 Rf8 30.h6 Nc2
31.Qxd6 Nxa1 32.Rxa1 f4 33.hxg7+ Qxg7 34.exf4 exf4 35.Ra3 h6 36.Rf3 Rf6 37.Qd4 Rf8
38.Rxf4 Rxf4 39.Qxf4 Kg8 40.Ne4  1-0

[Event "Lost Boys op"]
[Site "Antwerp"]
[Date "1997.08.10"]
[Round "9"]
[White "Nikolic, Predrag"]
[Black "Vaganian, Rafael A"]
[Result "1/2-1/2"]
[WhiteElo "2630"]
[BlackElo "2640"]

1.d4 d5 2.c4 e6 3.Nc3 Be7 4.Nf3 Nf6 5.Bg5 h6 6.Bh4 O-O 7.e3 b6 8.Be2 Bb7
9.Bxf6 Bxf6 10.cxd5 exd5 11.b4 c6 12.O-O a5 13.bxa5 Rxa5 14.Bd3 Ba6 15.a4 Bc8
16.Qb3 Re8  1/2-1/2

[Event "EUCup Gr2"]
[Site "Eupen"]
[Date "1997.09.23"]
[Round "2"]
[White "Nikolic, Predrag"]
[Black "Degraeve, Jean Marc"]
[Result "1-0"]
[WhiteElo "2630"]
[BlackElo "2540"]

1.d4 Nf6 2.c4 e6 3.Nf3 c5 4.d5 exd5 5.cxd5 d6 6.Nc3 g6 7.g3 Bg7 8.Bg2 O-O
9.O-O Re8 10.Nd2 Nbd7 11.Qb3 a6 12.Nc4 Ne5 13.Nb6 Rb8 14.a4 Nfd7 15.Nxc8 Rxc8
16.Qc2 Nc4 17.Bh3 f5 18.e4 Nde5 19.Qe2 Na5 20.exf5 Nb3 21.fxg6 Nxa1 22.Be6+ Rxe6
23.gxh7+ Kh8 24.dxe6 Nb3 25.f4 Nd4 26.Qe4 Nec6 27.f5 Qf6 28.Qg4 Ne5 29.Qh5 Rf8
30.Nd5 Nef3+ 31.Rxf3 Nxf3+ 32.Qxf3 Qxf5 33.Qxf5 Rxf5 34.e7 Bd4+ 35.Kg2 Re5
36.Bf4 Re6 37.Bxd6  1-0

[Event "NRW-Liga 9798"]
[Site "Germany"]
[Date "1997.??.??"]
[Round "1.1"]
[White "Nikolic, Predrag"]
[Black "Matthias, Heiner"]
[Result "1-0"]
[WhiteElo "2630"]
[BlackElo "2355"]

1.d4 Nf6 2.c4 c5 3.d5 b5 4.cxb5 a6 5.bxa6 g6 6.Nc3 Bxa6 7.g3 d6 8.Bg2 Nbd7
9.Nf3 Bg7 10.O-O Nb6 11.Re1 O-O 12.Bf4 Qb8 13.b3 Nbd7 14.Qc2 Ne8 15.e4 Ra7
16.Rad1 h6 17.h4 Bc8 18.Bf1 Ba6 19.Bg2 Bc8 20.a4 Rb7 21.Rb1 Nef6 22.Nb5 Ng4
23.b4 Rb6 24.bxc5 Nxc5 25.Nfd4 Bd7 26.Nc6 Bxc6 27.dxc6 Ne5 28.Bxe5 Bxe5 29.f4 Bg7
30.e5 Ne6 31.f5 gxf5 32.exd6 Nd4 33.Qd3 Nxc6 34.Qxf5 Nd4 35.Qd3 Nxb5 36.dxe7 Re8
37.Rxb5 Qa7 38.Rxb6 Qxb6+ 39.Kh2 Qc7 40.Qe4 Bf6 41.Qg4+ Bg7 42.a5 Rxe7 43.Rxe7 Qxe7
44.a6 Qa7 45.Qc8+ Bf8 46.Kh3 Kg7 47.Bd5 Qf2 48.Qg4+ Kf6 49.Qh5 Qf1+ 50.Kh2 Qf2+
51.Bg2 Qa7 52.Qf3+ Kg7 53.Qe4 Kf6 54.Qf4+ Kg7 55.Bd5 Bc5 56.Qe5+ Kg8 57.Qf6 Be3
58.Qg6+ Kf8 59.Qh7 Qc7 60.Kg2 Qa7 61.Kf3 Bg1 62.Qxh6+ Ke7 63.Qg5+ Kf8 64.Qf4 Qf2+
65.Kg4 Qe2+ 66.Qf3 f5+ 67.Kxf5 Qxa6 68.Kg5+ Ke7 69.g4 Qd6 70.Qf7+ Kd8 71.Qg8+ Ke7
72.Kh5 Qe5+ 73.g5 Bd4 74.Qf7+ Kd6 75.Kg6 Be3 76.Qf6+ Kxd5 77.Qxe5+ Kxe5 78.Kh7  1-0

[Event "NRW-Liga 9798"]
[Site "Germany"]
[Date "1997.??.??"]
[Round "2"]
[White "Podzielny, Karl Heinz"]
[Black "Nikolic, Predrag"]
[Result "0-1"]
[WhiteElo "2490"]
[BlackElo "2630"]

1.d4 d5 2.Nf3 Nf6 3.Bf4 c6 4.c3 g6 5.e3 Bg7 6.Nbd2 O-O 7.Be2 b6 8.O-O Bb7
9.h3 Nbd7 10.Ne5 c5 11.a4 a6 12.Bf3 Qc8 13.Qb3 e6 14.Rfc1 c4 15.Qa2 Nxe5
16.Bxe5 Qd7 17.b3 b5 18.axb5 axb5 19.Qb2 Bc6 20.Rxa8 Rxa8 21.Ra1 Qc8 22.Rxa8 Qxa8
23.bxc4 bxc4 24.g4 Qa4 25.Qb8+ Ne8 26.Bxg7 Kxg7 27.Kg2 Qa2 28.Nb1 Qa5 29.Qe5+ Kg8
30.Qb8 Kf8 31.Qb2 Nd6 32.Qa3 Qxa3 33.Nxa3 Ba4 34.Kf1 h6 35.Ke2 Ke7 36.Bg2 g5
37.f4 f6 38.Kd2 Be8 39.Nc2 Bg6  0-1

[Event "Amber-blind 6th"]
[Site "Monte Carlo"]
[Date "1997.??.??"]
[Round "1"]
[White "Nikolic, Predrag"]
[Black "Shirov, Alexei"]
[Result "1-0"]
[WhiteElo "2655"]
[BlackElo "2690"]

1.d4 d5 2.c4 c6 3.Nc3 Nf6 4.Nf3 a6 5.cxd5 cxd5 6.Bf4 Nc6 7.e3 Bg4 8.h3 Bxf3
9.Qxf3 e6 10.Bd3 Be7 11.Rc1 O-O 12.O-O Rc8 13.Rfd1 b5 14.Qe2 Nb4 15.Bb1 Nd7
16.a3 Nc6 17.e4 Nb6 18.exd5 Nxd5 19.Nxd5 Qxd5 20.Be4 Qd7 21.d5 Na5 22.d6 Rxc1
23.Rxc1 Bxd6 24.Qd3 Nc4 25.Rxc4 bxc4 26.Qxd6 Qxd6 27.Bxd6 Rd8 28.Bb4 Rd7
29.Bc3 f6 30.f4 Kf7 31.Kf2 g6 32.Bf3 h6 33.h4 Ke7 34.Be2 Rc7 35.Ke3  1-0

[Event "Amber-rapid 6th"]
[Site "Monte Carlo"]
[Date "1997.??.??"]
[Round "1"]
[White "Shirov, Alexei"]
[Black "Nikolic, Predrag"]
[Result "1-0"]
[WhiteElo "2690"]
[BlackElo "2655"]

1.e4 e5 2.Nf3 Nc6 3.Bb5 a6 4.Bxc6 dxc6 5.O-O Qd6 6.Na3 Be6 7.Qe2 f6 8.Nc4 Qd7
9.Rd1 c5 10.c3 Bg4 11.h3 Bxf3 12.Qxf3 Ne7 13.a3 Qe6 14.d3 g6 15.Be3 b6 16.b4 cxb4
17.axb4 Bg7 18.Ra3 O-O 19.Rda1 Rfd8 20.Qe2 b5 21.Na5 Qc8 22.Bc5 Bf8 23.d4 exd4
24.Qa2+ Kg7 25.Bxd4 Re8 26.e5 Ng8 27.exf6+ Nxf6 28.c4 Re6 29.Rf3 Be7 30.c5 Qg8
31.g4 h6 32.Kg2 Rd8 33.Qb2 Rf8 34.Be5 Kh7 35.Bxc7 Nd5 36.Rxf8 Qxf8 37.Bg3 Bf6
38.Qd2 Nxb4 39.Rd1 Qxc5 40.Bd6 Rxd6 41.Qxd6 Qxd6 42.Rxd6 Kg7 43.Rd7+ Kf8
44.Kf3 Ke8 45.Ra7 Bd4 46.Rh7 Bb6 47.Nb7 Kf8 48.Rd7 Nc6 49.Rd6 Ne5+ 50.Ke4 Nc4
51.Rxg6 a5 52.Nd6 Bc5 53.Nxc4 bxc4 54.Rc6  1-0

[Event "Amber-rapid 6th"]
[Site "Monte Carlo"]
[Date "1997.??.??"]
[Round "2"]
[White "Piket, Jeroen"]
[Black "Nikolic, Predrag"]
[Result "0-1"]
[WhiteElo "2640"]
[BlackElo "2655"]

1.d4 d5 2.c4 dxc4 3.Nf3 Nf6 4.e3 e6 5.Bxc4 c5 6.Qe2 Nc6 7.O-O Qc7 8.Nc3 a6
9.d5 exd5 10.Nxd5 Nxd5 11.Bxd5 Be7 12.h3 O-O 13.e4 Nb4 14.Re1 Bd7 15.a4 Nxd5
16.exd5 Bd6 17.Qc2 h6 18.b3 Rfe8 19.Bb2 Rxe1+ 20.Rxe1 Re8 21.Rc1 b5 22.Qc3 f6
23.axb5 axb5 24.Qc2 Qc8 25.Nh4 Bf4 26.Rd1 Bg5 27.Nf3 Bf5 28.Qc3 Bf4 29.Qa5 Bc2
30.Re1 Bxb3 31.Qxb5 Rxe1+ 32.Nxe1 Bxd5 33.Ba3 Bd6 34.Nc2 Bf8 35.Ne3 Bf7 36.Bb2 Qa8
37.Qd3 Qa2 38.Bc3 Qb3 39.Nf5 Bg6 40.g4 Bxf5 41.gxf5 Kh7 42.Kg2 Bd6 43.Qf3 Be5
44.Bd2 c4 45.Qd5 Qc2 46.Be3 c3 47.Qf3 Qa4 48.Qh5 c2 49.Bxh6 Qa8+ 50.Kf1 Qh1+
51.Ke2 Qd1+  0-1

[Event "Amber-rapid 6th"]
[Site "Monte Carlo"]
[Date "1997.??.??"]
[Round "3"]
[White "Nikolic, Predrag"]
[Black "Van Wely, Loek"]
[Result "0-1"]
[WhiteElo "2655"]
[BlackElo "2645"]

1.d4 d5 2.c4 dxc4 3.Nf3 e6 4.Qa4+ Nd7 5.g3 a6 6.Qxc4 c5 7.dxc5 Bxc5 8.Bg2 Ngf6
9.Qc2 Qc7 10.Nc3 b5 11.Bf4 Qb6 12.O-O Bb7 13.Ne5 Nxe5 14.Bxb7 Qxb7 15.Bxe5 Rc8
16.Bxf6 gxf6 17.Rad1 h5 18.h4 Rg8 19.Qd3 f5 20.e3 Ke7 21.Qe2 Rg4 22.Rd3 Rcg8
23.Rfd1 Qc6 24.Rd7+ Kf6 25.Rd8 R8g6 26.Qc2 Rxh4 27.Nd5+ exd5 28.R1xd5 Rxg3+
29.Kf1 Rh1+ 30.Ke2 Rxe3+  0-1

[Event "Amber-blind 6th"]
[Site "Monte Carlo"]
[Date "1997.??.??"]
[Round "4"]
[White "Nikolic, Predrag"]
[Black "Andersson, Ulf"]
[Result "1-0"]
[WhiteElo "2655"]
[BlackElo "2655"]

1.d4 e6 2.e4 d5 3.e5 c5 4.c3 Nc6 5.Nf3 Nge7 6.Bd3 cxd4 7.cxd4 Nf5 8.Bxf5 exf5
9.Nc3 Be6 10.a3 Be7 11.h4 h6 12.b4 Qd7 13.Qc2 Rc8 14.Qd3 Kd8 15.Bd2 Kc7 16.Ne2 b6
17.b5 Na5 18.Bxa5 bxa5 19.b6+ axb6 20.Qa6 Kb8 21.Qxb6+ Qb7 22.Qxa5 Rc2 23.Nf4 Bd8
24.Qa4 Rc4 25.Qd1 Ba5+ 26.Kf1 Ka7 27.g3 Rb8 28.Kg2 Bc3 29.Rc1 Qb3 30.Qd3 Bb2
31.Qxb3 Rxb3 32.Rxc4 dxc4 33.Nd2 Rc3 34.Nxe6 fxe6 35.d5 exd5 36.e6 Bxa3 37.Nb1 Rc2
38.Nxa3 Re2 39.Rd1 Rxe6 40.Rxd5 Rc6  1-0

[Event "Amber-rapid 6th"]
[Site "Monte Carlo"]
[Date "1997.??.??"]
[Round "5"]
[White "Nikolic, Predrag"]
[Black "Lautier, Joel"]
[Result "1/2-1/2"]
[WhiteElo "2655"]
[BlackElo "2630"]

1.d4 d5 2.Nf3 e6 3.g3 Nf6 4.Bg2 Be7 5.O-O O-O 6.b3 c6 7.Bb2 Nbd7 8.c4 b6
9.Nbd2 Bb7 10.Qc2 Rc8 11.e4 c5 12.e5 Ne8 13.cxd5 Bxd5 14.Rac1 Nc7 15.Rfe1 h6
16.Qb1 cxd4 17.Nxd4 Bxg2 18.Kxg2 Nd5 19.N2f3 Rxc1 20.Rxc1 Qa8 21.Qe4 Nc5
22.Qe2 Rd8 23.a3 Bf8 24.b4 Nd7 25.Kg1 a6 26.h4 b5 27.Nb3 Rc8 28.Rxc8 Qxc8
29.Bd4 N5b6 30.Nfd2 Qc2 31.Qe3 Nd5 32.Qe1 N7b6 33.Qb1 Qxb1+ 34.Nxb1 Nc4 35.h5 Be7
36.Kg2 Kf8 37.Kf3 Ke8 38.Ke4 g6 39.hxg6 fxg6 40.f4 h5 41.N3d2 h4 42.gxh4 Bxh4
43.Nxc4 bxc4 44.Nc3 Nxc3+ 45.Bxc3 Bf2 46.Bd4 Be1 47.Be3 Bc3 48.Bd4 Bd2 49.Be3 Bc3
50.Bd4 Bd2 51.Be3  1/2-1/2

[Event "Amber-blind 6th"]
[Site "Monte Carlo"]
[Date "1997.??.??"]
[Round "5"]
[White "Lautier, Joel"]
[Black "Nikolic, Predrag"]
[Result "1/2-1/2"]
[WhiteElo "2630"]
[BlackElo "2655"]

1.d4 f5 2.g3 Nf6 3.Bg2 e6 4.c4 c6 5.Nd2 d5 6.Nh3 Bd6 7.Qc2 O-O 8.O-O b6 9.Nf3 Ba6
10.cxd5 cxd5 11.Bf4 h6 12.Bxd6 Qxd6 13.Nf4 Rc8 14.Qa4 g5 15.Nd3 Bxd3 16.exd3 Nc6
17.Rfe1 b5 18.Qxb5 g4 19.Ne5 Nxd4 20.Qb7 Qc7 21.Qa6 Qb6 22.Qa3 Rc7 23.Nc4 Qc5
24.b4 Qe7 25.Qb2 dxc4 26.Bxa8 c3 27.Qc1 Qd6 28.Qxh6 Nd5 29.Qg6+ Kf8 30.Qh6+ Kg8
31.Qg6+ Kf8 32.Qh6+  1/2-1/2

[Event "Amber-blind 6th"]
[Site "Monte Carlo"]
[Date "1997.??.??"]
[Round "6"]
[White "Ljubojevic, Ljubomir"]
[Black "Nikolic, Predrag"]
[Result "0-1"]
[WhiteElo "2570"]
[BlackElo "2655"]

1.e4 e6 2.d4 d5 3.Nc3 Bb4 4.e5 c5 5.a3 Bxc3+ 6.bxc3 Ne7 7.Nf3 b6 8.Bb5+ Bd7
9.Bd3 Qc7 10.O-O Ba4 11.Nh4 Nbc6 12.Be3 c4 13.Be2 O-O-O 14.g4 f6 15.f4 Ng6
16.Ng2 fxe5 17.fxe5 Qe7 18.Qd2 Rdf8 19.Bg5 Qe8 20.h4 h6 21.Be3 Rxf1+ 22.Rxf1 Rf8
23.h5 Rxf1+ 24.Bxf1 Nf8 25.Be2 Qe7 26.Qc1 Nh7 27.Bf2 Nd8 28.Bh4 Qe8 29.Nf4 Nf7
30.Qb2 Kb7 31.Kg2 a5 32.Qc1 Nfg5 33.Bd1 Ne4 34.Be1 Nhg5 35.Bf3 Nxf3 36.Kxf3 Qf7
37.Ke3 Qe7 38.Kf3 Be8 39.Ng2 Ng5+ 40.Kg3 g6 41.hxg6 Bxg6 42.Nf4 Qf7 43.Nxg6 Qxg6
44.Bd2 Ne4+ 45.Kh4 h5 46.g5 Qf7 47.Qd1 Nxd2 48.Qxd2 Qf3  0-1

[Event "Amber-blind 6th"]
[Site "Monte Carlo"]
[Date "1997.??.??"]
[Round "7"]
[White "Nikolic, Predrag"]
[Black "Kramnik, Vladimir"]
[Result "1/2-1/2"]
[WhiteElo "2655"]
[BlackElo "2740"]

1.d4 Nf6 2.c4 e6 3.Nf3 d5 4.Nc3 Bb4 5.Bg5 Nbd7 6.Qa4 c5 7.cxd5 exd5 8.dxc5 Bxc3+
9.bxc3 O-O 10.Qb4 h6 11.Be3 Ne4 12.Rd1 a5 13.Qa3 Qe7 14.Rxd5 b6 15.Bc1 Bb7
16.c6 Qxa3 17.Bxa3 Bxc6 18.Rd4 Rfc8 19.c4 Nc3 20.e3 Bxf3 21.Bb2 Nxa2 22.gxf3 Nc5
23.Rg1 g6 24.f4 Nb4 25.Ke2 Nb3 26.Re4 Rd8 27.Bc3 Na2 28.Bd4 Nac1+ 29.Kd1 Nc5
30.Re7 N1b3 31.Bg2 Nxd4 32.exd4 Rxd4+ 33.Ke2 Kf8 34.Rxf7+ Kxf7 35.Bxa8 Rxf4
36.Bd5+ Kg7 37.Ke3 Rh4 38.Rb1 Na4 39.Bc6 Rxc4 40.Bxa4 Rxa4 41.Rxb6 Rb4 42.Ra6 Rb5
43.h4 Re5+ 44.Kf4 Rf5+ 45.Kg3 h5 46.f4 Rb5 47.Kf3 Rb3+ 48.Ke4 Rb4+ 49.Ke5 Rb5+
50.Ke4 Rf5 51.Ra7+ Kh6 52.Ke3 Rb5 53.Ke4 Rc5 54.Ra6 Rc4+ 55.Ke5 Rc5+ 56.Ke4 Rb5
57.Ra7  1/2-1/2

[Event "Amber-rapid 6th"]
[Site "Monte Carlo"]
[Date "1997.??.??"]
[Round "8"]
[White "Nikolic, Predrag"]
[Black "Topalov, Veselin"]
[Result "1-0"]
[WhiteElo "2655"]
[BlackElo "2725"]

1.Nf3 g6 2.c4 Bg7 3.g3 c5 4.Bg2 Nc6 5.O-O e6 6.Nc3 Nge7 7.a3 O-O 8.Rb1 d6
9.b4 b6 10.Qb3 Rb8 11.d3 Nd4 12.Nxd4 cxd4 13.Ne4 h6 14.b5 Bb7 15.a4 f5 16.Nd2 Bxg2
17.Kxg2 Qd7 18.Bb2 Kh7 19.e3 dxe3 20.Bxg7 Qb7+ 21.Nf3 e2 22.Rfe1 Kxg7 23.d4 g5
24.Kg1 Ng6 25.Rxe2 Rf6 26.c5 bxc5 27.dxc5 dxc5 28.Ne5 Re8 29.Rd1 Nxe5 30.Rxe5 Qc7
31.Qc3 c4 32.Rd4 Re7 33.Rxc4 Qd7 34.Rd4 Qb7 35.Rd6 Kf7 36.Rc5 f4 37.Rdc6 fxg3
38.hxg3 Qd7 39.Qc2 Rf5 40.Rc7 Qd6 41.Rxf5+ exf5 42.Qxf5+ Kg7 43.Rc6  1-0

[Event "Amber-blind 6th"]
[Site "Monte Carlo"]
[Date "1997.??.??"]
[Round "9"]
[White "Nikolic, Predrag"]
[Black "Ivanchuk, Vassily"]
[Result "0-1"]
[WhiteElo "2655"]
[BlackElo "2740"]

1.d4 Nf6 2.c4 e6 3.Nf3 d5 4.Nc3 c6 5.Bg5 dxc4 6.e4 b5 7.e5 h6 8.Bh4 g5 9.Nxg5 hxg5
10.Bxg5 Nbd7 11.exf6 Bb7 12.h4 Nxf6 13.Qf3 Be7 14.Nxb5 Qb6 15.Nc7+ Qxc7 16.Bxf6 c5
17.d5 Bxd5 18.Qc3 Bxf6 19.Qxf6 Rh5 20.Be2 Rf5 21.Qc3 Qf4 22.Qe3 Rb8 23.h5 Kf8
24.h6 Kg8 25.h7+ Kh8 26.Rd1 Rxb2 27.Rxd5 Rxe2+ 28.Kxe2 Qg4+ 29.Kf1 Rxd5 30.f3 Qd4
31.Kf2 Re5 32.Qxd4 cxd4 33.Rh4 Rd5 34.Ke2 e5 35.f4 d3+ 36.Kd2 c3+  0-1

[Event "Amber-blind 6th"]
[Site "Monte Carlo"]
[Date "1997.??.??"]
[Round "10"]
[White "Anand, Viswanathan"]
[Black "Nikolic, Predrag"]
[Result "1-0"]
[WhiteElo "2765"]
[BlackElo "2655"]

1.d4 f5 2.g3 Nf6 3.Bg2 g6 4.c3 Bg7 5.Qb3 c6 6.Nd2 d6 7.Ngf3 Qb6 8.Nc4 Qxb3
9.axb3 Na6 10.O-O Nc7 11.Ne1 O-O 12.Nd3 Be6 13.Re1 Bf7 14.f3 Nd7 15.Bg5 Rfe8
16.e4 fxe4 17.fxe4 Nb6 18.Na5 Rab8 19.e5 Bd5 20.Bf1 Nd7 21.Bf4 Bf8 22.Nc4 b5
23.Na5 Ne6 24.Bh3 dxe5 25.Bxe5 Nxe5 26.Nxe5 Ng5 27.Bg2 Rb6 28.Naxc6 Bxg2
29.Kxg2 a6 30.Nb4 Ra8 31.Nd5 Rd6 32.Nc7 Rc8 33.Nxa6  1-0

[Event "Amber-rapid 6th"]
[Site "Monte Carlo"]
[Date "1997.??.??"]
[Round "10"]
[White "Nikolic, Predrag"]
[Black "Anand, Viswanathan"]
[Result "1/2-1/2"]
[WhiteElo "2655"]
[BlackElo "2765"]

1.d4 Nf6 2.c4 e6 3.Nf3 b6 4.g3 Ba6 5.b3 b5 6.cxb5 Bxb5 7.Nc3 Ba6 8.Bg2 d5
9.O-O Nbd7 10.Rb1 Bb4 11.Na4 O-O 12.a3 Be7 13.b4 Ne4 14.Bb2 Nd6 15.Re1 Nc4
16.Nd2 Nxd2 17.Qxd2 Bb5 18.Nc5 Nxc5 19.bxc5 Qd7 20.e4 c6 21.Qc2 Rab8 22.Bc3 Bc4
23.Bf1 Bxf1 24.Rxf1 dxe4 25.Qxe4 Bf6 26.Rb4 Rbd8 27.Rfb1 Qd5 28.Qxd5 Rxd5
29.f4 Rfd8 30.Kf2 g5 31.fxg5 Bxd4+ 32.Bxd4 Rxd4 33.Rxd4 Rxd4 34.Rb7 Ra4 35.Rc7 Ra6
36.h4 Kg7 37.Kg2 Rxa3 38.Rxc6 a5 39.Rc7 Rc3 40.c6 a4 41.Ra7 Rxc6 42.Rxa4 h6
43.gxh6+ Kxh6 44.Rg4 Rc2+ 45.Kf3 Rc3+ 46.Kf2 Kh7 47.Kg2 Rc2+ 48.Kf3  1/2-1/2